| 000 | 00425nam a2200097Ia 4500 | ||
|---|---|---|---|
| 008 | 180130s9999 xx 000 0 und d | ||
| 245 |
_cZeydan, Mithat; Toga, Gulhan _aReducing mirror slippage of nightstand with Plackett-Burman Doe and Ann techniques |
||
| 260 | _c2014 | ||
| 300 | _aBook title: Effective implementation in total quality for project management--Acession number C20534; pages 73-94 | ||
| 650 | _aPROJECT MANAGEMENT | ||
| 999 |
_c354486 _d354486 |
||